| 000 | 01447nam a22003494a 4500 | ||
|---|---|---|---|
| 001 | ebr10040315 | ||
| 003 | CaPaEBR | ||
| 006 | m u | ||
| 007 | cr cn||||||||| | ||
| 008 | 000630s1999 dk a sb i000 0 eng | ||
| 010 | _z 00330351 | ||
| 020 | _z9289013516 | ||
| 040 |
_aCaPaEBR _cCaPaEBR |
||
| 035 | _a(OCoLC)55641457 | ||
| 050 | 1 | 4 |
_aTD890 _b.M657 1999eb |
| 082 | 0 | 4 |
_a363.739/263 _221 |
| 245 | 0 | 0 |
_aMonitoring ambient air quality for health impact assessment _h[electronic resource] / _c[text editing, David Breuer]. |
| 260 |
_aCopenhagen : _bWorld Health Organization, Regional Office for Europe, _cc1999. |
||
| 300 |
_axvii, 196 p. : _bill. (some col.). |
||
| 490 | 1 |
_aWHO regional publications. European series, _x0378-2255 ; _vno. 85 |
|
| 504 | _aIncludes bibliographical references. | ||
| 533 |
_aElectronic reproduction. _bPalo Alto, Calif. : _cebrary, _d2013. _nAvailable via World Wide Web. _nAccess may be limited to ebrary affiliated libraries. |
||
| 650 | 0 |
_aAir _xPollution _xMeasurement. |
|
| 650 | 0 | _aAir sampling apparatus. | |
| 650 | 0 | _aHealth risk assessment. | |
| 650 | 0 | _aAir quality management. | |
| 655 | 7 |
_aElectronic books. _2local |
|
| 700 | 1 | _aBreuer, David. | |
| 710 | 2 | _aebrary, Inc. | |
| 830 | 0 |
_aWHO regional publications. _pEuropean series ; _vno. 85. |
|
| 856 | 4 | 0 |
_uhttp://site.ebrary.com/lib/rucke/Doc?id=10040315 _zAn electronic book accessible through the World Wide Web; click to view |
| 999 |
_c60119 _d60119 |
||